zpět

Detail výsledku týmu

Metro Music Pub, Most

Datum a čas kvízu

25.5 Celkem bodů Celkový počet nahraných bodů na tomto kvízu bez doplňovacích otázek.
5. Pořadí na kvízu Konečné umístění týmu na tomto kvízu.

Zaznamenané odpovědi

# Otázka Odpověď Body Výsledky
1. Automobilka Škoda v minulém tý... Laurin & Klement Kampus 1
2. Které tři evropské země uznaly... Norsko, Španělsko, Irsko 0
3. V minulém týdnu česká média in... Jeremy Clarkson 0
4. Minulý týden byl oznámen konec... ICQ 1
5. Který klub, jenž byl ještě ned... Příbram 0
6. Jak se nazývají dva nejdůležit... Franská říše, Byzantská (Východořímská) říše 1
7. Jak se jmenoval významný střed... Magna Carta (Magna charta libertatum) 1
8. Přemyslovci v českých zemích v... C 0
9. Vytvořte z těchto středověkých... 1A 2C 3D 4B 0
10. Závěrem tématu se podíváme na... šlojíř, šlář 0